Japan Logo Quiz! #2 - Statistics

General Stats
  • This quiz has been taken 100 times
  • The average score is 13 of 24
Answer Stats
Picture Answer % Correct
Suzuki
93%
Panasonic
81%
Casio
76%
Nikon
73%
Bridgestone
71%
Yamaha
68%
Seiko
60%
SHARP
59%
Epson
53%
Gamecube
53%
JVC
52%
Acura
51%
Mikasa
51%
Capcom
48%
Fujifilm
48%
Fujitsu
48%
Bandai
47%
Konica Minolta
37%
Konami
35%
Sanyo
35%
Dreamcast
33%
Olympus
33%
Walkman
28%
Isuzu
20%
No matching quizzes found
Score Distribution
Percent of People with Each Score
Percentile by Number Answered
Your Score History
You have not taken this quiz